Sams Teach Yourself Visual C++ 6 in 21 days (Record no. 3786)

MARC details
000 -LEADER
fixed length control field 00380nam a2200157Ia 4500
008 - FIXED-LENGTH DATA ELEMENTS--GENERAL INFORMATION
fixed length control field 191201s2008 xx 000 0 und d
020 ## - INTERNATIONAL STANDARD BOOK NUMBER
International Standard Book Number 8176351350
082 ## - DEWEY DECIMAL CLASSIFICATION NUMBER
Classification number 005.133
Item number CHS
100 ## - MAIN ENTRY--PERSONAL NAME
Personal name CHAPMAN, Davis
245 #0 - TITLE STATEMENT
Title Sams Teach Yourself Visual C++ 6 in 21 days
250 ## - EDITION STATEMENT
Edition statement Rep.
260 ## - PUBLICATION, DISTRIBUTION, ETC. (IMPRINT)
Place of publication, distribution, etc N.Delhi
Name of publisher, distributor, etc Tech media
Date of publication, distribution, etc 2008
300 ## - PHYSICAL DESCRIPTION
Extent 769
650 ## - SUBJECT ADDED ENTRY--TOPICAL TERM
Topical term or geographic name as entry element MCA
942 ## - ADDED ENTRY ELEMENTS (KOHA)
Source of classification or shelving scheme Dewey Decimal Classification
Koha item type Text Books
Holdings
Withdrawn status Lost status Source of classification or shelving scheme Damaged status Not for loan Collection code Home library Current library Date acquired Source of acquisition Cost, normal purchase price Bill Number Total Checkouts Full call number Acc. no. / Barcode Date last seen Bill Date Koha item type
    Dewey Decimal Classification     MCA PIET C-LIBRARY PIET C-LIBRARY 25/02/2009 J B C, New Delhi 390.00 SI-5377   005.133 CHS 11212 04/12/2019 27/01/2009 Text Books
    Dewey Decimal Classification     MCA PIET C-LIBRARY PIET C-LIBRARY 25/02/2009 J B C, New Delhi 390.00 SI-5377   005.133 CHS 11213 04/12/2019 27/01/2009 Text Books
    Dewey Decimal Classification     MCA PIET C-LIBRARY PIET C-LIBRARY 25/02/2009 J B C, New Delhi 390.00 SI-5377   005.133 CHS 11214 04/12/2019 27/01/2009 Text Books
    Dewey Decimal Classification     MCA PIET C-LIBRARY PIET C-LIBRARY 25/02/2009 J B C, New Delhi 390.00 SI-5377   005.133 CHS 11215 04/12/2019 27/01/2009 Text Books

Design & Developed by: PIET Central Library
R70 Miles Stone Pattikalyana Samalkha Panipat 132102
mail ID :- [email protected], Phone No:- 0180-2569700 Ex.216